Top 5 UK's Most Dangerous Cities - Statistics

General Stats
  • This quiz has been taken 328 times
  • The average score is 4 of 5
Answer Stats
Rank# City % Correct
3 London
97%
5 Manchester
90%
4 Birmingham
86%
1 Glasgow
73%
2 Bradford
31%
No matching quizzes found
Score Distribution
Percent of People with Each Score
Percentile by Number Answered
Your Score History
You have not taken this quiz